Events management (Record no. 5404)

MARC details
000 -CABECERA
campo de control de longitud fija 03140pam a22003851i 4500
001 - NÚMERO DE CONTROL
campo de control 991015375369707026
003 - IDENTIFICADOR DEL NÚMERO DE CONTROL
campo de control UkOxU
005 - FECHA Y HORA DE LA ÚLTIMA TRANSACCIÓN
campo de control 20260309122845.0
006 - CÓDIGOS DE INFORMACIÓN DE LONGITUD FIJA--CARACTERÍSTICAS DEL MATERIAL ADICIONAL
campo de control de longitud fija m || d |
007 - CAMPO FIJO DE DESCRIPCIÓN FÍSICA--INFORMACIÓN GENERAL
campo de control de longitud fija cr |||||||||||
008 - DATOS DE LONGITUD FIJA--INFORMACIÓN GENERAL
campo de control de longitud fija 220127s2022 enka ob 001|0|eng|d
015 ## - NÚMERO DE BIBLIOGRAFÍA NACIONAL
Número de bibliografía nacional GBC221376
Fuente bnb
020 ## - NÚMERO INTERNACIONAL ESTÁNDAR DEL LIBRO
Número Internacional Estándar del Libro 9781915097200 (PDF ebook) :
Condiciones de disponibilidad Đ34.99
020 ## - NÚMERO INTERNACIONAL ESTÁNDAR DEL LIBRO
ISBN cancelado o inválido 9781915097217 (hbk.) :
Condiciones de disponibilidad Đ85.00
020 ## - NÚMERO INTERNACIONAL ESTÁNDAR DEL LIBRO
Número Internacional Estándar del Libro 9781915097194 (pbk.) :
Condiciones de disponibilidad Đ34.99
035 ## - NÚMERO DE CONTROL DEL SISTEMA
Número de control de sistema 022816854-44oxf_inst
035 ## - NÚMERO DE CONTROL DEL SISTEMA
Número de control de sistema (UkOxU)022816854
035 ## - NÚMERO DE CONTROL DEL SISTEMA
Número de control de sistema (Uk)020484498
037 ## - FUENTE DE ADQUISICIÓN
Número de adquisición 9781915097200
Fuente del número de adquisición Goodfellow Publishers Ltd
040 ## - FUENTE DE LA CATALOGACIÓN
Centro catalogador/agencia de origen StDuBDS
Lengua de catalogación eng
Normas de descripción rda
-- pn
Centro/agencia transcriptor StDuBDS
Centro/agencia modificador Uk
041 ## - CÓDIGO DE LENGUA
Código de lengua del texto/banda sonora o título independiente English
042 ## - CÓDIGO DE AUTENTICACIÓN
Código de autenticación ukblsr
100 ## - ENTRADA PRINCIPAL--NOMBRE DE PERSONA
Nombre de persona Raj, Razaq,
Término indicativo de función/relación author.
URI de un objeto del mundo real https://isni.org/isni/0000000109789085
9 (RLIN) 26856
245 10 - MENCIÓN DE TÍTULO
Título Events management
Resto del título : principles and practice.
250 ## - MENCIÓN DE EDICIÓN
Mención de edición Fourth edition
Resto de la mención de edición / Razaq Raj, Tahir Rashid.
264 #1 - PRODUCCIÓN, PUBLICACIÓN, DISTRIBUCIÓN, FABRICACIÓN Y COPYRIGHT
Producción, publicación, distribución, fabricación y copyright Oxford :
Nombre del de productor, editor, distribuidor, fabricante Goodfellow Publishers,
Fecha de producción, publicación, distribución, fabricación o copyright 2022.
300 ## - DESCRIPCIÓN FÍSICA
Extensión 448 pages
Otras características físicas illustrations (black and white).
500 ## - NOTA GENERAL
Nota general Previous edition: 2017.
504 ## - NOTA DE BIBLIOGRAFÍA, ETC.
Nota de bibliografía, etc. Includes bibliographical references and index.
505 0# - NOTA DE CONTENIDO CON FORMATO
Nota de contenido con formato Part One: Events Concepts and Management — Introduction to Events Management — Events Destinations and Management — Event Entrepreneurship — Human Resource Management — <br/><br/>Part Two: Events Finance and Law — Financial Management in the Events Industry — Costing, Pricing and Capital in the Events Industry — Project Management and Financing — Legal, Security, Safety and Risk Management — <br/><br/>Part Three: Events Marketing and Media — Event Sponsorship — Marketing Process, Communications and Public Relations — Brand Co-creation and Social Media — New Multimedia Technology for Events Organisers — <br/><br/>Part Four: Events Preparation and Operation — Events Assessing, Planning and Monitoring — Event Logistics — Event Production, Design and Lighting — Crowd Control and Crowd Dynamics — <br/><br/>Part Five: Events Trends and Issues — Expos, Conferences and Conventions — Sustainable Festivals and Events — Long-Term Legacy and Impacts — The Future of the Events Industry.
520 ## - SUMARIO, ETC.
Sumario, etc. The third edition includes several new chapters, covering topics such as Crowd Control and Crowd Dynamics, Expos, Conferences and Conventions, and Brand Co-creation and Social Media. It also introduces updated discussion on contemporary trends, including the environmental and social impacts of large-scale events such as the Olympic Games.<br/><br/>A wide range of international case studies is used throughout the book to illustrate key concepts in practice. These include:<br/><br/>The impact of the London 2012 and Rio 2016 Olympic Games — <br/><br/>Van Gogh Augmented Reality in Nuenen — <br/><br/>Sands Expo and Convention Center, Las Vegas — <br/><br/>Glastonbury Music Festival — <br/><br/>Lame Horse Nightclub, Russia — <br/><br/>The Leeds Caribbean Festival.<br/><br/>The book is suitable for undergraduate and postgraduate students studying Events Management.
650 #0 - PUNTO DE ACCESO ADICIONAL DE MATERIA--TÉRMINO DE MATERIA
Término de materia o nombre geográfico como elemento de entrada Special events
Subdivisión general Management
9 (RLIN) 22163
700 ## - ENTRADA AGREGADA--NOMBRE PERSONAL
Nombre de persona Rashid, Tahir,
Término indicativo de función/relación author.
URI de un objeto del mundo real https://isni.org/isni/000000005499403X
9 (RLIN) 26857
942 ## - ELEMENTOS DE ENTRADA AGREGADA (KOHA)
Fuente del sistema de clasificación o colocación Clasificación de Library of Congress
Holdings
Estado de retiro Estado de pérdida Fuente del sistema de clasificación o colocación Estado dañado No para préstamo Biblioteca de origen Biblioteca actual Fecha de adquisición Total de préstamos Fecha visto por última vez Número de copia Precio válido a partir de Tipo de ítem Koha Nota pública
    Clasificación de Library of Congress     TBS Barcelona TBS Barcelona 09/03/2026   09/03/2026 1 09/03/2026 Book SOON AVAILABLE

Powered by Koha